Score 0/20 Timer 04:00
12 Plays Today
Question Answer Wrong Answers
Ocean's Eleven Danny Ocean
91%
Reuben Tishkoff
6.6%
Shaun of the Dead Shaun
88.4%
Ed
9%
Logan Logan
87.6%
Donald Pierce
10%
Saving Private Ryan Private Ryan
87.2%
Private Jackson
10.2%
Kill Bill: Volume 2 Bill
85.7%
Budd
11.8%
Forgetting Sarah Marshall Sarah Marshall
83%
Rachel Jansen
14.6%
Dr. Strangelove or: How I Learned to Stop Worrying and Love the Bomb Dr. Strangelove
82.2%
President Merkin Muffley
15.1%
Baby Driver Baby
81.3%
Debora
16.1%
Jackie Brown Jackie Brown
80%
Ordell Robbie
17.4%
Ed Wood Ed Wood
78.5%
Bela Lugosi
18.9%
Beowulf Beowulf
76.7%
Grendel
20.7%
Donnie Brasco Donnie Brasco
75.1%
Lefty Ruggiero
22.3%
(500) Days of Summer Summer
74.9%
Tom
22.6%
Donnie Darko Donnie Darko
73.2%
Frank
24.3%
Ben Ben
62.8%
Danny Garrison
34.5%
Willow Willow
58.7%
Elora Danan
38.8%
All About Eve Eve Harrington
44.7%
Margo Channing
52.8%
The Rocky Horror Picture Show Rocky Horror
34.2%
Dr. Frank-N-Furter
63.6%
Coco Coco
33.7%
Miguel
63.9%
The Big Lebowski The Big Lebowski
31.8%
The Dude
66%
Remove Ads.
Support Sporcle.
Get the best of Sporcle when you Go Orange. This ad-free experience offers more features, more stats, and more fun while also helping to support Sporcle. Thank you for becoming a member.

You're not logged in!

Compare scores with friends on all Sporcle quizzes.
OR
Log In

Show Comments

Extras

Top Quizzes Today


Score Distribution

Your Account Isn't Verified!

In order to create a playlist on Sporcle, you need to verify the email address you used during registration. Go to your Sporcle Settings to finish the process.

Report this User

Report this user for behavior that violates our Community Guidelines.

Details: